000 01193cam a2200325Ka 4500
001 54367714
003 OCoLC
005 20180910170129.0
008 040206s1998 nyua b 000 1 eng d
020 _a0590631373 (pbk.)
020 _a9780590631372 (pbk.)
040 _aWIM
_cWIM
_dJTE
041 _aspa
100 1 _aAlexander, Francie.
245 1 0 _aMi mama /
_cescrito por Francie Alexander y Jesus Cervantes ; ilustrado por Carlos E. Bernales.
260 _aNew York :
_bScholastic,
_cc1998.
300 _a7 p. :
_bill. ;
_c18 cm.
490 1 _aCuentos foneticos de Scholastic ;
_v2.
520 _aA girl tells of her mother loves her, her brother, and their cat and how they all love mother in return. Words which will give readers practice using the letter "m" in are used in the story.
546 _aIn Spanish.
650 0 _aMothers
_vJuvenile fiction.
650 0 _aMother and child
_vJuvenile fiction.
650 0 _aCats
_vJuvenile fiction.
650 0 _aReading
_xPhonetic method.
650 1 _aSpanish language materials.
700 1 _aCervantes, Jesus P.
700 1 _aBernales, Carlos E.
_4ill.
830 0 _aCuentos foneticos de Scholastic ;
_v2.
942 _cBK
999 _c21292
_d21292